Faktory ekonomického rastu (stará verzus nová ekonomika)
Charakteristika základných rozdielov faktorov ekonomického rastu v starej a novej ekonomike. V starej ekonomike rozhodujúce boli extenzívne, kvantitatívne faktory rastu. V novej ekonomike zdrojom ekonomického rastu sú intenzívne, kvalitatívne faktory ekonomického rastu: ľudský kapitál a znalosti, in...
Salvato in:
| Autore principale: | |
|---|---|
| Natura: | Capitolo di libro |
| Lingua: | slovacco |
| Soggetti: | |
| Tags: |
Nessun Tag, puoi essere il primo ad aggiungerne!!
|
MARC
| LEADER | 00000nla$a2200000$$$4500 | ||
|---|---|---|---|
| 001 | 0084571 | ||
| 005 | 20240502083224.6 | ||
| 041 | 0 | |a slo | |
| 044 | |a CZ | ||
| 245 | 1 | 0 | |a Faktory ekonomického rastu (stará verzus nová ekonomika) |c Ján Lisý |
| 520 | |a Charakteristika základných rozdielov faktorov ekonomického rastu v starej a novej ekonomike. V starej ekonomike rozhodujúce boli extenzívne, kvantitatívne faktory rastu. V novej ekonomike zdrojom ekonomického rastu sú intenzívne, kvalitatívne faktory ekonomického rastu: ľudský kapitál a znalosti, informácie a moderné informačné technológie, technologické zmeny a inovácie, výsledky vedy a výskumu. | ||
| 610 | 2 | 0 | |a rast hospodársky |
| 610 | 2 | 0 | |a produktivita práce |
| 610 | 2 | 0 | |a kapitál ľudský |
| 610 | 2 | 0 | |a inovácia |
| 610 | 2 | 0 | |a zmeny technologické |
| 100 | 1 | |a Lisý, Ján | |